000 00900nam a2200265Ia 4500
003 GCL
008 140319s9999 xx 000 0 ara d
040 _aGCL /
_cGCL
082 0 4 _a791.43
100 1 _aالهامى حسن
245 1 0 _aتاريخ السينما المصرية 1896_ 1970 /
_cالهامى حسن
260 _a[S.N] :
_bوزارة الثقافة صندوق التنمية الثقافية ،
_c1995
300 _a244 ص
490 _a
650 0 4 _aالافلام السينمائية
650 0 4 _aالسينما
650 0 4 _aالاخراج السينمائى
650 0 4 _aالتصوير السينمائى
650 0 4 _aالممثلون والممثلات
650 0 4 _aالسينمائيون المصريون
650 0 4 _aالانتاج السينمائى
650 0 4 _aالتمثيل فى السينما
650 0 4 _aتاريخ ونقد
942 _2ddc
_cBK
999 _c36715
_d36715